Estadísticas para Países que comienzan con R

Haz click aquí para tomar la prueba!

Estadísticas generales

  • Esta prueba ha sido tomada 5.261 veces
    (5.260 desde el último reinicio)
  • La puntuación promedio es 7 de 9

Estadísticas de respuestas

País% Correcto
República Democrática del {Congo}
92%
República del {Congo}
92%
Rumania
84%
Ruanda
84%
Rusia
83%
República {Checa}
77%
República {Dominicana}
74%
República {Centroafricana}
57%
Reino Unido
47%

Distribución de puntuación

Porcentaje por número respondido

Porcentaje de gente con cada puntuación

Historial de tus puntuaciones

No has tomado esta prueba desde el último reinicio